[Event "Madrid San Viator op-B 26th"]
[Site "Madrid"]
[Date "2016.04.10"]
[Round "2"]
[White "Mateos Cordero, Francisco"]
[Black "Andradas Encabo, Victor"]
[Result "1-0"]
[WhiteElo "1623"]
[BlackElo "1508"]
[PlyCount "59"]
[EventDate "2016.04.03"]
[EventType "swiss"]
[EventRounds "9"]
[EventCountry "ESP"]
[SourceTitle "EXT 2017"]
[Source "ChessBase"]
[SourceDate "2016.10.25"]
[SourceVersion "1"]
[SourceVersionDate "2016.10.25"]
[SourceQuality "1"]

1. Nf3 Nf6 2. c4 c5 3. Nc3 Nc6 4. g3 g6 5. Bg2 Bg7 6. d4 cxd4 7. Nxd4 0-0 8. e3 Qc7 9. b3 Nxd4 10. exd4 d6 11. 0-0 Bf5 12. Bb2 a6 13. Rc1 Rac8 14. Re1 Qd7 15. Na4 Qc7 16. d5 e5 17. c5 Nd7 18. b4 Rcd8 19. g4 Bxg4 20. Qxg4 f5 21. Qd1 Bh6 22. Rc3 e4 23. Rc2 dxc5 24. d6 Qc6 25. Nxc5 Nxc5 26. bxc5 Bf4 27. Qd4 Rd7 28. Qh8+ Kf7 29. Qxh7+ Ke8 30. Qxg6+ 1-0

[Event "Madrid Codes Memorial 9th"]
[Site "Madrid"]
[Date "2015.05.24"]
[Round "7"]
[White "Cano Nieto, Jose Luis"]
[Black "Andradas Encabo, Victor"]
[Result "0-1"]
[WhiteElo "1545"]
[BlackElo "1642"]
[PlyCount "116"]
[EventDate "2015.03.29"]
[EventType "swiss"]
[EventRounds "9"]
[EventCountry "ESP"]
[SourceTitle "EXT 2019"]
[Source "ChessBase"]
[SourceDate "2018.10.10"]
[SourceVersion "1"]
[SourceVersionDate "2018.10.10"]
[SourceQuality "1"]

1. d4 d5 2. Nf3 e6 3. Bf4 Nf6 4. e3 a6 5. Be2 Nbd7 6. 0-0 h6 7. Nbd2 Nh5 8. Ne5 Nxf4 9. exf4 c5 10. c3 Bd6 11. Ndf3 Qf6 12. Qd2 b5 13. Nxd7 Bxd7 14. Ne5 Rc8 15. Qe3 Qe7 16. Qg3 0-0 17. Rfe1 Be8 18. Ng4 Kh8 19. Ne5 f6 20. Nd3 c4 21. Nb4 Bxb4 22. cxb4 Qxb4 23. Qe3 Qd6 24. Rac1 Bg6 25. Qg3 Bf5 26. Bg4 Bxg4 27. Qxg4 f5 28. Qg3 Kh7 29. h4 Rf6 30. h5 g5 31. Re5 gxf4 32. Qxf4 Rg8 33. Rce1 Kg7 34. R1e3 Kf7 35. Rg3 Rxg3 36. Qxg3 Qb4 37. Re2 Qe7 38. Qb8 f4 39. Qh8 Qf8 40. Qh7+ Qg7 41. Qxg7+ Kxg7 42. Re5 Kf7 43. Kf1 Rf5 44. Rxf5+ exf5 45. Ke2 Kf6 46. Kf3 Kg5 47. a3 a5 48. g3 fxg3 49. fxg3 b4 50. axb4 axb4 51. Ke3 Kg4 52. Kf2 c3 53. bxc3 bxc3 54. Ke2 c2 55. Kd2 c1R 56. Kxc1 Kxg3 57. Kd2 f4 58. Ke1 Kg2 0-1

[Event "Madrid Codes Memorial 9th"]
[Site "Madrid"]
[Date "2015.05.10"]
[Round "5"]
[White "Huerto Moreno, Jorge"]
[Black "Andradas Encabo, Victor"]
[Result "1-0"]
[WhiteElo "1572"]
[BlackElo "1642"]
[PlyCount "75"]
[EventDate "2015.03.29"]
[EventType "swiss"]
[EventRounds "9"]
[EventCountry "ESP"]
[SourceTitle "EXT 2019"]
[Source "ChessBase"]
[SourceDate "2018.10.10"]
[SourceVersion "1"]
[SourceVersionDate "2018.10.10"]
[SourceQuality "1"]

1. d4 d5 2. c4 e5 3. dxe5 d4 4. Nf3 Nc6 5. Nbd2 Nge7 6. Nb3 Ng6 7. Nbxd4 Ngxe5 8. Nxe5 Nxe5 9. e3 Bc5 10. Be2 0-0 11. a3 Qh4 12. b4 Bxd4 13. Qxd4 Ng4 14. Bxg4 Bxg4 15. h3 f5 16. 0-0 Rad8 17. Qf4 Qf6 18. Rb1 Be2 19. Re1 Bd3 20. Bb2 Qf7 21. Rbc1 Rfe8 22. f3 h6 23. h4 Rd7 24. Bd4 Bxc4 25. Bxa7 b5 26. a4 Ra8 27. axb5 Bxb5 28. Bd4 Ra4 29. Rc5 Rxb4 30. Rxf5 Qe6 31. Ra1 Kh7 32. Re5 Rf7 33. Rxe6 Rxf4 34. exf4 Rxd4 35. Re4 Rd2 36. h5 Rd7 37. Kh2 c5 38. Re5 1-0

[Event "Madrid Codes Memorial 8th"]
[Site "Madrid"]
[Date "2014.03.23"]
[Round "1"]
[White "Fernandez Bonilla, M Arcangel"]
[Black "Andradas Encabo, Victor"]
[Result "1-0"]
[WhiteElo "1758"]
[BlackElo "1749"]
[PlyCount "51"]
[EventDate "2014.03.23"]
[EventType "swiss"]
[EventRounds "9"]
[EventCountry "ESP"]
[SourceTitle "EXT 2015"]
[Source "ChessBase"]
[SourceDate "2014.11.20"]
[SourceVersion "1"]
[SourceVersionDate "2014.11.20"]
[SourceQuality "1"]

1. e4 d5 2. exd5 Qxd5 3. Nc3 Qd6 4. d4 Nf6 5. Nf3 a6 6. Bg5 b5 7. Bd3 Bb7 8. Qe2 Nbd7 9. Rd1 e6 10. 0-0 Be7 11. Rfe1 b4 12. Ne4 Nxe4 13. Bxe4 Bxe4 14. Qxe4 0-0 15. d5 e5 16. Qh4 Bxg5 17. Nxg5 h6 18. Ne4 Qg6 19. d6 c6 20. Qe7 Rad8 21. Rd3 Rfe8 22. Qh4 f5 23. Ng3 Nc5 24. Qc4+ Ne6 25. Rxe5 Rd7 26. Nxf5 1-0